| 000 | 01295nam a2200361Ic 4500 | ||
|---|---|---|---|
| 001 | 58777 | ||
| 003 | CO-BoRNBP | ||
| 005 | 20250828142635.0 | ||
| 007 | ta | ||
| 008 | 200115s2019 ck 000 0 spa d | ||
| 020 | _a9789585653788 | ||
| 040 |
_aCO-BoRNBP _bspa _erda _cCO-BoRNBP |
||
| 041 | _aspa | ||
| 084 | _aP | ||
| 100 |
_aCaro, Víctor Eduardo, _d1877-1944 _eaut _960703 |
||
| 245 | 1 | 3 |
_aEl pollo Chiras / _cVictor Eduardo Caro ; ilustraciones Rafael Yockteng. |
| 250 | _aEdición especial | ||
| 264 | 1 |
_aBogotá, Colombia : _bCataplum, _c2019 |
|
| 300 |
_a[26] páginas : _bilustraciones en color |
||
| 336 |
_2rdacontent _atexto _btxt |
||
| 337 |
_2rdamedia _asin mediación _bn |
||
| 338 |
_2rdacarrier _avolumen _bnc |
||
| 490 | 0 | _aPlan Nacional de Lectura y Escritura Leer es mi Cuento / Ministerio de Cultura | |
| 521 | _aRecomendado para un público infantil mayor de 6 años | ||
| 545 | _aIncluye datos biográficos del autor e ilustrador al final del texto | ||
| 650 | 0 | 7 |
_aAnimales domésticos _vPoesía _2LEMB _960705 |
| 650 | 0 | 7 |
_aJuegos de Palabras _2LEMB _9962 |
| 650 | 0 | 4 |
_aPoesía infantil colombiana _2LEMB _9943 |
| 650 | 0 | 4 |
_aLiteratura infantil colombiana _2LEMB _934 |
| 655 |
_aPoesía _962912 |
||
| 700 |
_aYockteng, Rafael, _d1976- _eill |
||
| 942 |
_2loc _cBKLIT |
||
| 999 |
_c58777 _d58777 |
||